000 00452nam a2200157Ia 4500
999 _c19063
_d19063
003 OSt
005 20200707101505.0
008 190216s9999||||xx |||||||||||||| ||und||
040 _coclc
082 _a973
_bBAI/A
100 _aBailey, Thomas A
_93585
245 4 _aThe American Pageant /
_cThomas A Bailey
260 _bSterling Publications,
_c1974.
_aNew Delhi:
300 _a1053p
942 _cBK
_2ddc
_h973
_iBAI/A
_k973
_mBAI/A